| 000 | 00688nam a2200253 a 4500 | ||
|---|---|---|---|
| 003 | AR-BaBNM | ||
| 005 | 20251128205857.0 | ||
| 008 | 082120s2002 ||||||||||||||000 | spa|| | ||
| 020 | _a84-88906-02-1 | ||
| 040 | _cAR-BaBNM | ||
| 100 | 1 | _aSeguí, Agustín F. | |
| 245 | 0 | 0 | _aLa verdadera historia de Macondo |
| 260 |
_aMadrid _bIbero-Americana _c1994 |
||
| 300 |
_a236 p. _bgráfs. |
||
| 500 | _aContiene referencias bibliográficas en p. 221 | ||
| 650 | 4 | _aLITERATURA LATINOAMERICANA | |
| 650 | 4 | _aCRITICA LITERARIA | |
| 650 | 4 | _aESCRITORES | |
| 650 | 4 | _aLITERATURA CONTEMPORANEA | |
| 653 | _aINFLUENCIA CLASICA | ||
| 655 | _aLITERATURA | ||
| 942 | _cBK | ||
| 998 | _cMARTIN | ||
| 999 |
_c13118 _d13118 |
||